A "népek tavaszának" szerepe a galíciai rutén/ukrán nemzeti mozgalom kialakulásában

The process of Ukrainian national revival in Eastern Galicia, that could be traced back to the 1830s and was led by the Greek Catholic clergy, refrained from supporting national aspirations until the mid-19th century. Thus, the national movement of Ruthenians, which developed under the influence of...

Teljes leírás

Elmentve itt :
Bibliográfiai részletek
Szerző: Varga Beáta
Dokumentumtípus: Cikk
Megjelent: SZTE BTK Történeti Intézet Szeged 2021
Sorozat:Acta Universitatis Szegediensis : acta historica 146
Kulcsszavak:Ukránok története - Kelet-Galícia - 19. sz.
Tárgyszavak:
Online Access:http://acta.bibl.u-szeged.hu/87097
LEADER 02009nab a2200229 i 4500
001 acta87097
005 20250417101134.0
008 250417s2021 hu o 000 hun d
022 |a 2676-9832 
040 |a SZTE Egyetemi Kiadványok Repozitórium  |b hun 
041 |a hun 
041 |a eng 
100 1 |a Varga Beáta 
245 1 2 |a A "népek tavaszának" szerepe a galíciai rutén/ukrán nemzeti mozgalom kialakulásában  |h [elektronikus dokumentum] /  |c  Varga Beáta 
260 |a SZTE BTK Történeti Intézet  |b Szeged  |c 2021 
300 |a 159-169 
490 0 |a Acta Universitatis Szegediensis : acta historica  |v 146 
520 3 |a The process of Ukrainian national revival in Eastern Galicia, that could be traced back to the 1830s and was led by the Greek Catholic clergy, refrained from supporting national aspirations until the mid-19th century. Thus, the national movement of Ruthenians, which developed under the influence of the Polish culture within the province, did not reach the level of independent socio-political organization in Galicia until the age of the revolutions of 1848. The events of the “Springtime of the Peoples” made it possible for the cultural-educational activities of the Galician Ruthenian intelligentsia to be transformed into a national-political movement and for their cultural struggle to continue on a political platform. An important role in this change was also played by the fact that the Viennese government embraced the issue of Ukrainian national rebirth to hinder Polish national aspirations. Although the Galician policy of the Viennese government favoured the Ruthenian national aspirations only occasionally and in response to pressure from the Poles, it still provided them with a much freer framework than the Tsarist court. 
650 4 |a Bölcsészettudományok 
650 4 |a Történettudomány és régészet 
695 |a Ukránok története - Kelet-Galícia - 19. sz. 
856 4 0 |u http://acta.bibl.u-szeged.hu/87097/1/historica_146_159-169.pdf  |z Dokumentum-elérés